Guess Mobile Legend Heroes (by Emoji) - Statistics

General Stats
  • This quiz has been taken 58 times
  • The average score is 27 of 50
Answer Stats
Hint Answer % Correct
๐Ÿผ Akai
83%
๐Ÿต๐Ÿ‘ฆ Claude
83%
โšฝ๏ธ Bruno
81%
๐Ÿค  Clint
79%
๐Ÿต๐Ÿต๐Ÿต Sun
76%
๐Ÿชจ Grock
74%
๐ŸŽ Leomord
74%
๐Ÿฆข Odette
74%
๐Ÿชก Melissa
71%
๐Ÿ™ Bane
69%
๐ŸŒฒ Belerick
69%
๐Ÿ‰ Yu Zhong
69%
๐ŸฅŠ Paquito
67%
๐Ÿค–๐Ÿ‘ถ Jawhead
64%
โ˜‚๏ธ Kagura
64%
๐Ÿ•Š Pharsa
64%
๐Ÿ‘ฆ๐Ÿถ Popol and Kupa
64%
๐Ÿ”ฅ Valir
64%
๐ŸŒ™๐Ÿฐ Chang'e
62%
โšก๏ธ Eudora
62%
๐Ÿฆ๐Ÿน Irithel
62%
๐Ÿš™ Johnson
62%
๐Ÿน Miya
62%
๐Ÿช€ Cici
60%
โ˜ฏ๏ธ Luo yi
60%
๐Ÿฎ Minotaur
60%
๐Ÿฆ– Barats
57%
๐Ÿฅท Hayabusa
57%
โฐ๏ธ Diggie
52%
๐Ÿƒ Harley
52%
๐ŸงŠ Aurora
50%
๐Ÿช Franco
50%
๐ŸŒช Vale
48%
๐ŸŽป Granger
43%
๐Ÿฆ‚ Helcurt
43%
๐Ÿ‚ Gord
40%
๐Ÿ‘ณ Khaleed
40%
๐Ÿช“ Balmond
38%
โš–๏ธ Lunox
38%
๐Ÿงโ€โ™‚๏ธ Estes
36%
๐Ÿ˜ถโ€๐ŸŒซ๏ธ Natalia
36%
๐Ÿฅฐ Angela
33%
๐Ÿฅป Esmeralda
33%
๐Ÿฅพ๐Ÿฅพ Lylia
33%
โ˜„๏ธ Novaria
31%
๐Ÿฏ Wanwan
31%
๐Ÿ‘Š Aldous
24%
โšœ๏ธ Minsitthar
21%
๐Ÿฆ Ling
19%
๐ŸŒธ Guinevere
17%
No matching quizzes found
Score Distribution
Percent of People with Each Score
Percentile by Number Answered
Your Score History
You have not taken this quiz